000
00253nam a2200109Ia 4500
008
200302s9999 xx 000 0 und d
100
_a
David Stevens
245
_a
Small Space Gardens
260
_b
Conran Octopus Ltd.
260
_c
2003
300
_a
192 P.,
999
_c
5199
_d
5199